000 00874nas a2200277 4500
001 BR9500181
003 BR-BrBNA
005 20231205093807.0
007 ta
008 230509b bl.|||p| |||| 00| 00por d
040 _aBR-BrBNA
_bpor
_cBiblioteca Nacional de Agricultura
041 _a(Pt)
072 _aC30
100 1 _aSano, E.E.
100 1 _aAssad, E.D.
100 1 _aMoreira, L.
100 1 _aMacedo, J.
245 1 _aEstruturacao dos dados ambientais referentes aos campos experimentais da EMBRAPA/CPAC atraves de um sistema de informacoes geograficas
650 _aSolo
650 _aVegetacao
650 _aSistema de Informacao
650 _aBase de Dados
773 0 _tPesquisa Agropecuaria Brasileira (Brazil)
_xISSN 0100-204X
_g(Dez 1992), v. 27(12) p. 1615-1622
_wBR9500181
909 _a202311
_bLúcia
_c55
_dLúcia Elande
942 _2AGRIS
_n0
_cANA
999 _c140422
_d140422